000 00806nam a2200217Ia 4500
003 OSt
005 20200902152912.0
008 191128s2006 sp er 000 1 spa d
020 _a9788424180942
040 _aCO-JMCR
_cCO-JMCR
041 _aspa
082 0 4 _aT /
_bCAÑp
100 1 _aCañas, José,
_eautor
_99652
245 1 0 _aEl país sin nombre /
_cJosé Cañas
250 _aSexta edición
260 _aLa Coruña :
_c2000
300 _a60 páginas ;
_c 20 cm.
520 _aLa instalación de una fábrica muy especial, que utiliza un nuevo y misterioso gas, transforma totalmente la vida de un pequieño país, ya que un escape de este fluido provoca un desastre de extrañas consecuencias: Una pérdida de memoria generalizada entre
650 0 4 _aTeatro infantil
_99653
942 _2ddc
_cBK
999 _c3470
_d3470